Rast ekonomického potenciálu SR a nové trendy v hospodárskej a sociálnej politike

Zahraničné investície ako dôležitý faktor hospodárskeho rastu. Smerovanie investícií v slovenskej ekonomike. Využívanie informačných technológií a ich vplyv na rast ekonomiky. Index technologickej pripravenosti. Úspešná hospodárska politika a nová štruktúra organizácie spoločenského života.

Enregistré dans:
Détails bibliographiques
Auteur principal: Alexy, Július, 1926-2024
Format: Chapitre de livre
Langue:slovaque
Sujets:
Tags: Ajouter un tag
Pas de tags, Soyez le premier à ajouter un tag!

MARC

LEADER 00000naa$a2200000$$$4500
001 0067130
005 20240502071813.6
041 0 |a slo 
044 |a SK 
245 1 0 |a Rast ekonomického potenciálu SR a nové trendy v hospodárskej a sociálnej politike  |c Július Alexy 
520 |a Zahraničné investície ako dôležitý faktor hospodárskeho rastu. Smerovanie investícií v slovenskej ekonomike. Využívanie informačných technológií a ich vplyv na rast ekonomiky. Index technologickej pripravenosti. Úspešná hospodárska politika a nová štruktúra organizácie spoločenského života. 
610 2 0 |a technológie informačné 
610 2 0 |a Slovensko 
610 2 0 |a rast hospodársky 
610 2 0 |a investície zahraničné 
610 2 0 |a politika hospodárska 
610 2 0 |a politika sociálna 
100 1 |a Alexy, Július, 1926-2024